000 00590nam a22001697a 4500
999 _c189543
_d189543
005 20220811163411.0
010 _aB-745302
020 _a9789389843767
_c250.00
037 _bPharso Books(P) Ltd.
100 _aSwift, Jonathan
245 _aGulliver's Travels/
_cJonathan Swift
260 _aDelhi
_bPharso Books (p) Ltd.
_c2020
270 _aPlot No-55 Min Mother Dairy Road Pandav Nagar
_bDelhi
_e110092
_k91 8447931000
_msales@pharosboks.in
300 _a238p.
_c21cm(Pbk)
942 _2ddc
_cEN
_mSWI
_hS